|
|
|
|
| LEADER |
00000nam0a2200000 4500 |
| 001 |
55492 |
| 005 |
20231031051633.0 |
| 010 |
|
|
|a 5110023131
|
| 035 |
|
|
|a (RuTPU)RU\TPU\book\58241
|
| 090 |
|
|
|a 55492
|
| 100 |
|
|
|a 20030916d1990 m y0rusy50 ca
|
| 101 |
0 |
|
|a rus
|
| 102 |
|
|
|a UA
|
| 105 |
|
|
|a a j 001zy
|
| 200 |
1 |
|
|a Проектирование буровых машин и механизмов
|e учебник
|f Н. А. Дудля
|
| 210 |
|
|
|a Киев
|c Выща школа
|d 1990
|
| 215 |
|
|
|a 270 с.
|c ил.
|
| 320 |
|
|
|a Библиогр.: с. 269-271.
|
| 610 |
1 |
|
|a горное дело
|
| 610 |
1 |
|
|a горное оборудование
|
| 610 |
1 |
|
|a буровое оборудование
|
| 610 |
1 |
|
|a буровые машины
|
| 610 |
1 |
|
|a буровые механизмы
|
| 610 |
1 |
|
|a проектирование
|
| 610 |
1 |
|
|a буровые установки
|
| 610 |
1 |
|
|a бурильные трубы
|
| 610 |
1 |
|
|a забойные машины
|
| 610 |
1 |
|
|a учебники
|
| 675 |
|
|
|a 622.24.05.001.2(075.8)
|v 3
|
| 700 |
|
1 |
|a Дудля
|b Н. А.
|g Николай Андреевич
|
| 801 |
|
1 |
|a RU
|b 63413507
|c 20030916
|g PSBO
|
| 801 |
|
2 |
|a RU
|b 63413507
|c 20230216
|g PSBO
|
| 900 |
|
|
|a Буровые машины и механизмы
|
| 900 |
|
|
|a Расчет и конструирование машин и оборудования для бурения
|
| 942 |
|
|
|c BK
|